Inovácie návody na cvičenia II : učebný text

Na minha lista:
Detalhes bibliográficos
Autor principal: Kováč, Milan
Outros Autores: Sabadka, Dušan, Duľová Spišáková, Emília, 1983-, Gregor, Milan, Švač, Vladimír
Formato: Livro
Idioma:eslovaco
Publicado em: Košice Strojnícka fakulta Technickej univerzity v Košiciach 2015
Edição:1. vyd.
Colecção:Edícia študijnej literatúry
Assuntos:
Tags: Adicionar Tag
Sem tags, seja o primeiro a adicionar uma tag!

MARC

LEADER 00000nam a2200000 4500
001 0211713
005 20240502073530.9
020 |a 978-80-553-2033-5 
041 0 |a slo 
044 |a SK 
245 1 0 |a Inovácie  |b návody na cvičenia II : učebný text  |c Milan Kováč, Dušan Sabadka, Emília Duľová Spišáková ; odborní lektori: Milan Gregor, Vladimír Švač 
250 |a 1. vyd. 
264 1 |a Košice  |b Strojnícka fakulta Technickej univerzity v Košiciach  |c 2015 
300 |a 100 s. [7,88 AH] 
490 1 |a Edícia študijnej literatúry 
830 0 |a Edícia študijnej literatúry 
610 2 0 |a inovácia 
610 2 0 |a konkurencieschopnosť 
610 2 0 |a výkonnosť podniku 
610 2 0 |a financovanie 
610 2 0 |a Európska únia 
610 2 0 |a start-up 
100 1 |a Kováč, Milan 
700 1 |a Sabadka, Dušan 
700 1 |a Duľová Spišáková, Emília, 1983- 
700 1 |a Gregor, Milan 
700 1 |a Švač, Vladimír